Did a Woman Write It? Sudden Death & Wammies - Statistics

General Stats
  • This quiz has been taken 75 times
  • The average score is 16 of 20
Answers on the Grid
Answers color-coded by a green-red scale on the quiz's grid according to % correct below.
Alice in Wonderland
Pride and Prejudice
Oliver Twist
Little Women
Bridget Jones's Diary
Harry Potter (series)
The Girl with the Dragon Tattoo
One Hundred Years of Solitude
Anne of Green Gables
Heidi
Clan of the Cave Bear (series)
Lolita
Charlotte's Web
To Kill a Mockingbird
Peter Pan
Peter Rabbit (series)
Rebecca
Gone with the Wind
The Kite Runner
The Hitchhiker's Guide to the Galaxy
The Help
Little House on the Prairie (series)
Are You There, God? It's Me, Margaret.
Murder on the Orient Express
Interview with a Vampire (series)
Charlie and the Chocolate Factory
Frankenstein
The Haunting of Hill House
Jane Eyre
The Shining
A Heartbreaking Work of Staggering Genius
The Handmaid's Tale
 
Answer Stats
Answer % Correct
Little Women
98%
Harry Potter (series)
96%
Bridget Jones's Diary
95%
Pride and Prejudice
95%
The Handmaid's Tale
93%
Frankenstein
91%
Jane Eyre
89%
Anne of Green Gables
88%
Murder on the Orient Express
86%
To Kill a Mockingbird
86%
Are You There, God? It's Me, Margaret.
79%
Little House on the Prairie (series)
79%
Heidi
75%
Interview with a Vampire (series)
75%
Gone with the Wind
73%
Peter Rabbit (series)
73%
The Help
73%
Rebecca
71%
The Haunting of Hill House
57%
Clan of the Cave Bear (series)
54%
No matching quizzes found
Score Distribution
Percent of People with Each Score
Percentile by Number Answered
Your Score History
You have not taken this quiz